Haute-Garonne - mort subite - Statistiques

Statistiques générales
  • Ce quiz a été pris 37 fois
  • Le résultat moyen est 10 sur 18
Answers on the Grid
Answers color-coded by a green-red scale on the quiz's grid according to % correct below.
Le siège d'Airbus
Toulon
Gare Saint-Jean
Un réseau de métro
Une frontière avec l'Espagne
Bordeaux
Madura
Une rivière dont la source est en Espagne
Un sommet de plus de 3000 m
Le lieu de naissance de Toulouse-Lautrec
La "ville rose"
Le site de la dernière bataille franco-britannique en France
Toul
Tarente
Luchon-Superbagnères
Lac d'Oô
Le champ de bataille de Vouillé
Chalmette
Ennedi Est
Le bout ouest du Canal du Midi
Basilan
Tours
Colomiers
Une université fondé en 1229
Blagnac
Le site d'une bataille clé contre le califat omeyyade
Chapel-en-le-Frith
Alès
Tournefeuille
Touloises
Caluquembe
Le site de la première société anonyme du monde
Toulouse
Apt
Vevey
L'ancienne capitale du royaume wisigoth
 
Statistiques - réponses
Réponse % Correct
Toulouse/Blagnac Le siège d'Airbus
96%
Toulouse La "ville rose"
81%
Toulouse
81%
Toulouse Métropole Blagnac
77%
Toulouse Métropole Tournefeuille
73%
Une frontière avec l'Espagne
73%
Toulouse Métropole Colomiers
69%
Toulouse Un réseau de métro
69%
La Garonne coule pour 50 km en Espagne Une rivière dont la source est en Espagne
65%
Station de ski Luchon-Superbagnères
46%
Chef-d'œuvre de construction du 17ème siècle Le bout ouest du Canal du Midi
42%
Lac d'Oô
38%
Une de plus vieille du monde (Toulouse) Une université fondé en 1229
38%
Toulouse L'ancienne capitale du royaume wisigoth
35%
Pic Perdiguère est le plus haut (3222 m) Un sommet de plus de 3000 m
35%
La Société des moulins de Bazacle, Toulouse, 1250 (société anonyme ou société par actions) Le site de la première société anonyme du monde
19%
Victoire d'Eudes d'Aquitaine (aussi appelé Odo), 721 Le site d'une bataille clé contre le califat omeyyade
19%
Toulouse, 1814 (force hispano-britannique sous Wellington) Le site de la dernière bataille franco-britannique en France
12%
Aucun quiz correspondant
Distribution des résultats
% des personnes avec chaque résultat
Percentile par nombre de réponses
Votre historique - résultats
Vous n’avez pas pris ce quiz